Handbook on Public Procurement Management (Record no. 76120)

MARC details
000 -LEADER
fixed length control field 00860nam a2200157 a 4500
008 - FIXED-LENGTH DATA ELEMENTS--GENERAL INFORMATION
fixed length control field 120802s2012 ||||||||||||||||| || u
050 ## - LIBRARY OF CONGRESS CALL NUMBER
Classification number COMESA(02)
110 ## - MAIN ENTRY--CORPORATE NAME
Corporate name or jurisdiction name as entry element Common Market for Eastern and Southern Africa (COMESA)
245 10 - TITLE STATEMENT
Title Handbook on Public Procurement Management
Statement of responsibility, etc. by Common Market for Eastern and Southern Africa [COMESA]
260 ## - PUBLICATION, DISTRIBUTION, ETC.
Place of publication, distribution, etc. Lusaka:
Name of publisher, distributor, etc. Common Market for Eastern and Southern Africa (COMESA)
Date of publication, distribution, etc. 2012
300 ## - PHYSICAL DESCRIPTION
Extent xii, 357 pages : illustrations
650 ## - SUBJECT ADDED ENTRY--TOPICAL TERM
Topical term or geographic name entry element PROCUREMENT--COMESA
650 ## - SUBJECT ADDED ENTRY--TOPICAL TERM
Topical term or geographic name entry element GOVERNMENT PURCHASING--COMESA--MANUALS, HANDBOOKS, ETC
995 ## -
-- SPECIAL COLLECTIONS
-- 105
-- CBU-MAIN LIBRARY (Kitwe)
-- COMESA(02)2012/1B
-- 2
-- AVAILABLE
-- Aug 13, 2012
-- B105
-- International Publications
995 ## -
-- SPECIAL COLLECTIONS
-- 104
-- CBU-MAIN LIBRARY (Kitwe)
-- COMESA(02)2012/1A
-- 1
-- AVAILABLE
-- Aug 13, 2012
-- B104
-- International Publications
999 ## -
-- 76120
-- 76120
Holdings
Withdrawn status Lost status Source of classification or shelving scheme Damaged status Not for loan Permanent Location Current Location Shelving location Date acquired Total Checkouts Full call number Barcode Date last seen Copy number Price effective from Koha item type
          CBU-MAIN LIBRARY, KITWE. CBU-MAIN LIBRARY, KITWE.   04/25/2023   COMESA(02)2012/1B B105 04/25/2023 1 04/25/2023 SPECIAL COLLECTION
          CBU-MAIN LIBRARY, KITWE. CBU-MAIN LIBRARY, KITWE.   04/25/2023   COMESA(022012/1A B104 04/25/2023 2 04/25/2023 SPECIAL COLLECTION